KPOP GROUP start with letter "A" (2026 update) - Statistics

General Stats
  • This quiz has been taken 192 times
    23 since last reset
  • The average score is 7 of 23
Answer Stats
Answer % Correct
F Apink
74%
F aespa
70%
F AOA
61%
M ATEEZ
61%
M ASTRO
52%
M AB6IX
48%
M ALPHA DRIVE ONE
39%
F ARTMS
39%
M A.C.E
30%
F After School
30%
F ALICE
30%
M ALL(H)OURS
30%
M AMPERS&ONE
30%
F APRIL
30%
M ATBO
26%
M AHOF
13%
F aoen
13%
M ARrC
9%
F AtHeart
9%
M AND2BLE
4%
F ANS
4%
F ARIAZ
4%
F ARTBEAT v
4%
No matching quizzes found
Score Distribution
Percent of People with Each Score
Percentile by Number Answered
Your Score History
You have not taken this quiz since the last reset